000 00622nam a2200193 4500
001 112854
003 ES-MaACL
005 20230906185644.0
007 t|
008 061121s1957 sp r ||||1| spa d
245 0 0 _aNuestra vida social.
260 _a[Barcelona] :
_bGarbí,
_c1957.
300 _a71 p. :
_bil. ;
_c24 cm.
594 _aEn cub.: Antigua Escuela del Mar.
595 _aN. en el XXXV aniversario de la fundación de la Antigua Escuela del Mar (enero-febrero de 1957)
610 2 4 _aEscola del Mar (Barcelona)
_9173575
710 2 _aEscola del Mar (Barcelona)
_9173575
852 _aES-MaACL
_j1984-F-19
999 _c112854
_d112854